Pokémon - Les attaques de Écayon - Statistiques

Statistiques générales
  • Ce quiz a été pris 12 fois
  • Le résultat moyen est 10 sur 14
Statistiques - réponses
Niveaux Types Noms des attaques % Correct
Niveau 33 Eau Anneau Hydro
100%
Niveau 42 Insecte Demi-Tour
100%
Niveau 54 Eau Détrempage
100%
Niveau 6 Eau Pistolet à O
100%
Niveau 45 Vol Rebond
100%
Niveau 13 Eau Danse Pluie
80%
Départ Normal Écras'Face
80%
Niveau 38 Eau Siphon
80%
Niveau 17 Vol Tornade
80%
Niveau 22 Eau Vibraqua
80%
Niveau 49 Insecte Vent Argenté
60%
Niveau 29 Normal Rune Protect
40%
Niveau 10 Normal Attraction
20%
Niveau 26 Normal Séduction
20%
Aucun quiz correspondant
Distribution des résultats
% des personnes avec chaque résultat
Percentile par nombre de réponses
Votre historique - résultats
Vous n’avez pas pris ce quiz